Ambedkar's role in economic planning, water and power policy (Record no. 406063)

000 -LEADER
fixed length control field 00429cam a22001457a 4500
008 - FIXED-LENGTH DATA ELEMENTS--GENERAL INFORMATION
fixed length control field 180718b2006 xxu||||| |||| 00| 0 eng d
020 ## - INTERNATIONAL STANDARD BOOK NUMBER
International Standard Book Number 8175413220
082 ## - DEWEY DECIMAL CLASSIFICATION NUMBER
Classification number A99/AM16 T39
100 ## - MAIN ENTRY--PERSONAL NAME
Personal name Thorat, Sukhadeo
245 ## - TITLE STATEMENT
Title Ambedkar's role in economic planning, water and power policy
Statement of responsibility, etc. by Sukhadeo Thorat
250 ## - EDITION STATEMENT
Edition statement 2nd ed.
260 ## - PUBLICATION, DISTRIBUTION, ETC.
Place of publication, distribution, etc. Delhi
Name of publisher, distributor, etc. Shipra
Date of publication, distribution, etc. 2006
300 ## - PHYSICAL DESCRIPTION
Extent 238p.
650 ## - SUBJECT ADDED ENTRY--TOPICAL TERM
Topical term or geographic name entry element Ambedkar, B.R. - views on economics
Holdings
Withdrawn status Lost status Damaged status Not for loan Permanent Location Current Location Date acquired Full call number Barcode Date last seen Price effective from Koha item type
        Indian Institute of Public Administration Indian Institute of Public Administration 2006-10-26 A99/AM16 T39 81400 2018-07-21 2018-07-21 Book

Powered by Koha